LEADER 01337nam 2200337Ia 450 001 996396635303316 005 20221108005855.0 035 $a(CKB)4330000000350122 035 $a(EEBO)2248511842 035 $a(OCoLC)11759658 035 $a(EXLCZ)994330000000350122 100 $a19850304d1682 uy | 101 0 $aeng 135 $aurbn||||a|bb| 200 12$aA speech made to His Grace the Duke of Ormond Lord Lieutenant of Ireland, and to the Lords of His Majesties most Honorable Privy Council$b[electronic resource] $eto return the humble thanks of the French Protestants lately arriv'd in this kingdom, and graciously reliev'd by them /$fby P. Drelincourt 210 $aDvblin $cPrinted by Joseph Ray, for William Mendey$d1682 215 $a8 p 300 $aReproduction of original in Huntington Library. 330 $aeebo-0113 606 $aHuguenots$zEngland 615 0$aHuguenots 700 $aDrelincourt$b Peter$f1644-1722.$01016000 701 $aOrmonde$b James Butler$cDuke of,$f1610-1688.$01001840 801 0$bEAA 801 1$bEAA 801 2$bm/c 801 2$bWaOLN 906 $aBOOK 912 $a996396635303316 996 $aA speech made to His Grace the Duke of Ormond Lord Lieutenant of Ireland, and to the Lords of His Majesties most Honorable Privy Council$92375043 997 $aUNISA